NFL Highest-Paid Quarterbacks - Statistics

General Stats
  • This quiz has been taken 276 times
    68 since last reset
  • The average score is 17 of 20
Answer Stats
Avg./year Player % Correct
$45,000,000 Patrick Mahomes
100%
$55,000,000 Joe Burrow
96%
$60,000,000 Dak Prescott
94%
$52,000,000 Lamar Jackson
94%
$55,000,000 Josh Allen
93%
$53,100,000 Tua Tagovailoa
91%
$33,333,333 Baker Mayfield
89%
$42,000,000 Matthew Stafford
89%
$53,000,000 Brock Purdy
87%
$53,000,000 Jared Goff
87%
$52,500,000 Justin Herbert
85%
$37,500,000 Geno Smith
81%
$51,000,000 Jalen Hurts
80%
$55,000,000 Jordan Love
80%
$55,000,000 Trevor Lawrence
80%
$33,500,000 Sam Darnold
78%
$37,500,000 Aaron Rodgers
76%
$45,000,000 Kirk Cousins
76%
$46,100,000 Kyler Murray
76%
$46,000,000 Deshaun Watson
69%
No matching quizzes found
Score Distribution
Percent of People with Each Score
Percentile by Number Answered
Your Score History
You have not taken this quiz since the last reset